| 000 | 00526nam a2200193 4500 | ||
|---|---|---|---|
| 003 | LK-CoMWRAF | ||
| 005 | 20230902150744.0 | ||
| 008 | 230902b1983 |||||||| |||| 00| 0 eng d | ||
| 040 |
_aLK-CoMWRAF _dLK-CoMWRAF _eLK-CoMWRAF |
||
| 041 | _aeng | ||
| 082 |
_a340.59 _bAJI |
||
| 100 | _aAjijola, A.D. | ||
| 245 | _aIntroduction to Islamic Law | ||
| 250 | _a2nd ed. | ||
| 260 |
_aKarachi: _bInternational Islamic publishers, _c1983 |
||
| 300 |
_axx, 410 p. ; 25 cm _bBibliography included |
||
| 650 | _aISLAMIC LAW | ||
| 942 | _cBK | ||
| 999 |
_c3370 _d3370 |
||